| 000 | 00818nam a2200193Ia 4500 | ||
|---|---|---|---|
| 008 | 151121s9999||||xx |||||||||||||| ||und|| | ||
| 082 | _a294।5/पाठक | ||
| 082 | _bHNW-112496 | ||
| 100 | _aपाठक प्रभाकर | ||
| 245 | _aमहर्षी दयानंद आणि स्वामी विवेकानंद | ||
| 260 | _b"विवेकानंद केंद्र, सोलापूर्।" | ||
| 260 | _c2012 | ||
| 300 | _a200 | ||
| 600 | _aपाठक प्रभाकर | ||
| 630 | _aमहर्षी दयानंद आणि स्वामी विवेकानंद | ||
| 700 | _aपाठक प्रभाकर | ||
| 730 | _aमहर्षी दयानंद आणि स्वामी विवेकानंद | ||
| 942 | _cBOOK | ||
| 999 |
_c1261815 _d1261812 |
||